000 00542nam a2200169 i 4500
001 101803
003 ES-MaACL
005 20230906183001.0
007 t|
008 051025s1911 gw ||||1| ger d
100 1 _aMeili, F.
_979840
245 1 4 _aDas internationale Privat und Zivilprozessrecht auf Grund der Haager Konventionen /
_cvon Dr. F. Meili und Dr. A. Mamelok.
260 _aZurich :
_bArt. Institut Orell Füssli,
_c1911.
300 _aXVI, 427 p. ;
_c24 cm.
700 1 _aMamelok, Arthur.
_975897
852 _aES-MaACL
_jD-1123
999 _c101803
_d101803